| 000 | 00577nam a2200205Ii 4500 | ||
|---|---|---|---|
| 001 | 12958 | ||
| 003 | CO-ViMGA | ||
| 008 | 241108s9999||||xx |||||||||||||| ||und|| | ||
| 040 |
_aCO-ViMGA _bspa _erda _cCO-ViMGA |
||
| 041 | 0 | _aspa | |
| 082 | 0 | 4 | _aCG 923.242 - Ch87m |
| 100 | 1 |
_aRafael Manzano _951424 |
|
| 245 | 1 | 0 | _aSir Winston Churchill |
| 264 | 1 | _aMadrid, EspaƱa : Juventud, 1966 | |
| 300 | _avolumen | ||
| 336 |
_atext _btxt _2rdacontent |
||
| 337 |
_aunmediated _bn _2rdamedia |
||
| 338 |
_avolume _bnc _2rdacarrier |
||
| 940 | _aidficha_siabuc: 12665. -- ficha_no_siabuc:12958 | ||
| 999 |
_c46151 _d46151 |
||